000 00492nam a2200193 a 4500
001 1761285792094
003 YourLibrary
005 20251024113600.0
008 251024s2007##################000#0#eng##
020 _a9780300122923
082 0 4 _a610.0277
_bKOR
100 1 _aKorobkin, Russell,
_eauthor.
245 1 0 _aStem Cell Century :
260 _bYale University Press,
_c2007.
300 _a336 pages
650 0 _aLaw.
942 _cENGLISH
040 _aYourLibrary
_beng
_cYourLibrary
999 _c593220
_d593220